[Event "GER Cup GrD Seniors 1st"]
[Site "Bad Blankenburg"]
[Date "2011.08.24"]
[Round "7"]
[White "Hoose, Hannelore"]
[Black "Zell, Gregor"]
[Result "1/2-1/2"]
[WhiteElo "1397"]
[BlackElo "1520"]
[PlyCount "77"]
[EventDate "2011.08.18"]
[EventType "swiss"]
[EventRounds "7"]
[EventCountry "GER"]
[SourceTitle "CBM 144 Extra"]
[Source "ChessBase"]
[SourceDate "2011.10.28"]
[SourceVersion "1"]
[SourceVersionDate "2011.10.28"]
[SourceQuality "1"]

1. e4 e5 2. Nf3 Nf6 3. Nc3 Nc6 4. Bc4 Nxe4 5. Nxe4 d5 6. Bxd5 Qxd5 7. Nc3 Qd8 8. 0-0 Bd6 9. d3 0-0 10. Be3 Bg4 11. h3 Bxf3 12. Qxf3 Nd4 13. Qd1 Ne6 14. b3 c6 15. Ne4 f5 16. Nxd6 Qxd6 17. f3 c5 18. a4 Rad8 19. Qe2 Nd4 20. Qf2 f4 21. Bxd4 exd4 22. Rfe1 Rde8 23. Rad1 Re3 24. Rd2 Rfe8 25. Rde2 Qe5 26. Kf1 Kf7 27. Rxe3 dxe3 28. Qe2 Qc3 29. Qd1 g5 30. Re2 h5 31. Qe1 Qxe1+ 32. Rxe1 Ke6 33. Ke2 Kf5 34. Rh1 a5 35. Rd1 g4 36. d4 gxf3+ 37. gxf3 Rg8 38. dxc5 Rg2+ 39. Ke1 1/2-1/2

[Event "Berlin-ch Seniors op 26th"]
[Site "Berlin"]
[Date "2010.02.17"]
[Round "9"]
[White "Zum Winkel, Wolfgang"]
[Black "Zell, Gregor"]
[Result "1-0"]
[WhiteElo "1817"]
[BlackElo "1599"]
[PlyCount "111"]
[EventDate "2010.02.09"]
[EventType "swiss"]
[EventRounds "9"]
[EventCountry "GER"]
[SourceTitle "EXT 2012"]
[Source "ChessBase"]
[SourceDate "2011.11.24"]
[SourceVersion "1"]
[SourceVersionDate "2011.11.24"]
[SourceQuality "1"]

1. f4 Nf6 2. Nf3 d6 3. b3 Nc6 4. Bb2 e5 5. fxe5 Nxe5 6. Nxe5 dxe5 7. Bxe5 Ng4 8. Bg3 Bd6 9. d4 Bxg3+ 10. hxg3 Qf6 11. Qd2 Qf2+ 12. Kd1 Ne3+ 13. Kc1 Nxf1 14. Qb4 Nxg3 15. Rd1 Qe3+ 16. Kb2 Qe7 17. Qd2 0-0 18. Nc3 c6 19. Qd3 Qg5 20. e4 Be6 21. Qf3 Qg4 22. Qe3 Rfe8 23. Rd3 Nh5 24. Rf1 Rad8 25. Qf2 Qg6 26. d5 cxd5 27. exd5 Bc8 28. Rf3 Rf8 29. Qxa7 Qxg2 30. Qb6 Qg6 31. Qf2 f5 32. Rg1 Qf6 33. Qh2 Qh6 34. Rh3 g6 35. Rxh5 Qg7 36. Rh4 Rxd5 37. Rh1 Rd7 38. Qe2 Qf6 39. Qc4+ Qf7 40. Rxh7 Qxc4 41. Rh8+ Kf7 42. bxc4 Rfd8 43. Nd5 Ke6 44. Nb6 Rxh8 45. Rxh8 Rc7 46. Rxc8 Rxc8 47. Nxc8 f4 48. Kc3 g5 49. Kd4 Kf5 50. Nd6+ Kg4 51. Ke4 f3 52. Ke3 Kg3 53. Ne4+ Kg2 54. Nf2 Kg3 55. c5 g4 56. a4 1-0

[Event "Berlin-ch Seniors op 26th"]
[Site "Berlin"]
[Date "2010.02.11"]
[Round "3"]
[White "Junghaenel, Dieter"]
[Black "Zell, Gregor"]
[Result "1/2-1/2"]
[WhiteElo "1433"]
[BlackElo "1599"]
[PlyCount "36"]
[EventDate "2010.02.09"]
[EventType "swiss"]
[EventRounds "9"]
[EventCountry "GER"]
[SourceTitle "EXT 2012"]
[Source "ChessBase"]
[SourceDate "2011.11.24"]
[SourceVersion "1"]
[SourceVersionDate "2011.11.24"]
[SourceQuality "1"]

1. d4 d5 2. Nf3 Nf6 3. c3 c6 4. h3 Nbd7 5. Bf4 e6 6. Nbd2 c5 7. e3 a6 8. a4 Be7 9. Bd3 0-0 10. 0-0 c4 11. Bc2 b6 12. Re1 Bb7 13. Qb1 g6 14. Ne5 Nxe5 15. Bxe5 Bd6 16. Nf3 Bxe5 17. Nxe5 Nd7 18. Nxd7 Qxd7 1/2-1/2